[Event "Dortmund Sparkassen op-A 51st"]
[Site "Dortmund"]
[Date "2024.08.11"]
[Round "2"]
[White "Lang, Daniel"]
[Black "Madera, Mateusz"]
[Result "1-0"]
[WhiteElo "2138"]
[BlackElo "1921"]
[PlyCount "97"]
[EventDate "2024.08.10"]
[EventType "swiss"]
[EventRounds "9"]
[EventCountry "GER"]
[SourceTitle "CBM 221 Extra"]
[Source "ChessBase"]
[SourceDate "2024.09.30"]
[SourceVersion "1"]
[SourceVersionDate "2024.09.30"]
[SourceQuality "1"]

1. d4 Nf6 2. c4 e6 3. Nc3 Bb4 4. Qc2 d5 5. cxd5 exd5 6. Bg5 c6 7. e3 h6 8. Bh4 0-0 9. Bd3 Re8 10. Nge2 Nbd7 11. 0-0 Nf8 12. a3 Bd6 13. Bg3 Ng4 14. h3 Nf6 15. b4 a6 16. Na4 Ne4 17. Bxe4 Rxe4 18. Bxd6 Qxd6 19. Nb6 Rb8 20. Qc5 Qd8 21. Nxc8 Rxc8 22. Rfc1 Re8 23. Qc2 Ne6 24. Qd3 Ng5 25. Nc3 Re6 26. a4 Rg6 27. Qf5 Rf6 28. Qg4 Rc7 29. b5 Qb8 30. bxa6 bxa6 31. Rab1 Rb7 32. Qe2 Rxb1 33. Rxb1 Qa7 34. a5 Ne6 35. Rb6 Qe7 36. Rxc6 Nc7 37. Rc5 Rd6 38. Qa2 Qd7 39. Qb3 Rc6 40. Qa4 Rd6 41. Qxd7 Rxd7 42. Rc6 f5 43. g3 Kf7 44. Na4 Ne6 45. Kg2 Ng5 46. Nc5 Rd8 47. Rxa6 Ke7 48. Rg6 Kf7 49. Rb6 1-0

[Event "POL-chT 2nd League"]
[Site "Jastrzebia Gora"]
[Date "2023.09.10"]
[Round "9.29"]
[White "Madera, Mateusz"]
[Black "Lonski, Aleksander"]
[Result "1/2-1/2"]
[WhiteElo "1880"]
[BlackElo "1805"]
[PlyCount "137"]
[EventDate "2023.09.02"]
[EventType "team-swiss"]
[EventRounds "9"]
[EventCountry "POL"]
[SourceTitle "CBM 216 Extra"]
[Source "ChessBase"]
[SourceDate "2023.11.30"]
[SourceVersion "1"]
[SourceVersionDate "2023.11.30"]
[SourceQuality "1"]
[WhiteTeam "Legnica Miedz"]
[BlackTeam "Koszalin Hetman"]
[WhiteTeamCountry "POL"]
[BlackTeamCountry "POL"]

1. e4 c5 2. Nf3 g6 3. d4 cxd4 4. Qxd4 Nf6 5. Nc3 Nc6 6. Qa4 d6 7. e5 dxe5 8. Nxe5 Qd4 9. Nxc6 Qxa4 10. Nxa4 bxc6 11. Bd3 Bg7 12. 0-0 Nd5 13. c3 0-0 14. Nc5 e5 15. Bc2 Bf5 16. Bxf5 gxf5 17. c4 Nb4 18. Bd2 Nc2 19. Rac1 Nd4 20. Rfe1 Rfd8 21. Bc3 Rab8 22. Kf1 e4 23. Red1 Ne6 24. Rxd8+ Rxd8 25. Nxe6 fxe6 26. Bxg7 Kxg7 27. Ke2 Kf6 28. Rc3 Rg8 29. g3 Rb8 30. Rc2 Ke5 31. Rd2 Rb4 32. b3 a5 33. Kd1 a4 34. Kc2 axb3+ 35. axb3 Rb7 36. Kc3 c5 37. Rd8 Rc7 38. b4 cxb4+ 39. Kxb4 Rb7+ 40. Kc3 Rb1 41. Rd2 f4 42. gxf4+ Kxf4 43. c5 Ke5 44. Kc4 Rc1+ 45. Kb5 Kf4 46. c6 e3 47. fxe3+ Kxe3 48. Rb2 e5 49. Rb4 Kd3 50. Rb3+ Kd4 51. Rh3 e4 52. Rxh7 Kd5 53. Rd7+ Ke6 54. Rd4 e3 55. Re4+ Kd5 56. Rxe3 Rc5+ 57. Kb4 Rxc6 58. Kb5 Rh6 59. Re2 Kd4 60. Kb4 Kd3 61. Ra2 Rh5 62. Rb2 Ke3 63. Kc4 Kf3 64. Kd4 Kg4 65. Ke4 Kh3 66. Kf4 Rh8 67. Kf3 Rf8+ 68. Ke3 Rf1 69. Rc2 1/2-1/2

[Event "POL-chT 2nd League"]
[Site "Jastrzebia Gora"]
[Date "2023.09.09"]
[Round "8.5"]
[White "Chmielarz, Maciej"]
[Black "Madera, Mateusz"]
[Result "1/2-1/2"]
[WhiteElo "1996"]
[BlackElo "1880"]
[PlyCount "71"]
[EventDate "2023.09.02"]
[EventType "team-swiss"]
[EventRounds "9"]
[EventCountry "POL"]
[SourceTitle "CBM 216 Extra"]
[Source "ChessBase"]
[SourceDate "2023.11.30"]
[SourceVersion "1"]
[SourceVersionDate "2023.11.30"]
[SourceQuality "1"]
[WhiteTeam "Ostrow Wielkopolski"]
[BlackTeam "Legnica Miedz"]
[WhiteTeamCountry "POL"]
[BlackTeamCountry "POL"]

1. d4 d5 2. c4 e6 3. Nc3 Nf6 4. Bg5 Be7 5. e3 0-0 6. Nf3 h6 7. Bh4 b6 8. cxd5 Nxd5 9. Bxe7 Qxe7 10. Bd3 Bb7 11. 0-0 Nxc3 12. bxc3 Nd7 13. e4 e5 14. Re1 Rad8 15. Qa4 a6 16. Rad1 Rfe8 17. Qc2 c5 18. d5 Nf8 19. c4 Rd6 20. g3 Ng6 21. h4 h5 22. Nh2 Nf8 23. Qe2 g6 24. f4 Nd7 25. f5 Kg7 26. Rf1 Bc8 27. Rf2 Nf6 28. fxg6 fxg6 29. Qe3 Bh3 30. Bf1 Bc8 31. Be2 Bh3 32. Bf1 Bc8 33. Bg2 Rdd8 34. Rdf1 Rf8 35. Qg5 Qd6 36. a4 1/2-1/2

[Event "POL-chT 2nd League"]
[Site "Jastrzebia Gora"]
[Date "2023.09.07"]
[Round "6.23"]
[White "Brylowski, Stefan"]
[Black "Madera, Mateusz"]
[Result "1-0"]
[WhiteElo "1942"]
[BlackElo "1880"]
[PlyCount "59"]
[EventDate "2023.09.02"]
[EventType "team-swiss"]
[EventRounds "9"]
[EventCountry "POL"]
[SourceTitle "CBM 216 Extra"]
[Source "ChessBase"]
[SourceDate "2023.11.30"]
[SourceVersion "1"]
[SourceVersionDate "2023.11.30"]
[SourceQuality "1"]
[WhiteTeam "Lipusz WDA"]
[BlackTeam "Legnica Miedz"]
[WhiteTeamCountry "POL"]
[BlackTeamCountry "POL"]

1. d4 Nf6 2. Nf3 e6 3. e3 d5 4. Bd3 c5 5. b3 Bd6 6. Bb2 0-0 7. Nbd2 b6 8. Ne5 cxd4 9. exd4 Ba6 10. Bxa6 Nxa6 11. f4 Rc8 12. 0-0 Nb4 13. c3 Nc6 14. Qe2 Nd7 15. Rae1 Re8 16. Rf3 f6 17. Nxc6 Rxc6 18. Qb5 Nb8 19. f5 a6 20. Qe2 e5 21. Rh3 e4 22. Qh5 h6 23. Qg6 Bf4 24. Nf1 Nd7 25. Qg4 Qc7 26. g3 Bd6 27. Rxh6 Bf8 28. Qg6 Rc8 29. Rh7 Rxc3 30. Qh5 1-0

[Event "POL-chT 2nd League"]
[Site "Jastrzebia Gora"]
[Date "2023.09.04"]
[Round "3.5"]
[White "Redlich, Bogdan"]
[Black "Madera, Mateusz"]
[Result "1-0"]
[WhiteElo "1788"]
[BlackElo "1880"]
[PlyCount "105"]
[EventDate "2023.09.02"]
[EventType "team-swiss"]
[EventRounds "9"]
[EventCountry "POL"]
[SourceTitle "CBM 216 Extra"]
[Source "ChessBase"]
[SourceDate "2023.11.30"]
[SourceVersion "1"]
[SourceVersionDate "2023.11.30"]
[SourceQuality "1"]
[WhiteTeam "Lodz Okucia Budowlane"]
[BlackTeam "Legnica Miedz"]
[WhiteTeamCountry "POL"]
[BlackTeamCountry "POL"]

1. d4 d5 2. Nf3 Nf6 3. Bf4 e6 4. e3 Bd6 5. c3 0-0 6. Bd3 c5 7. dxc5 Bxf4 8. exf4 Qc7 9. g3 Qxc5 10. 0-0 Nc6 11. Nbd2 Rd8 12. Qe2 Bd7 13. Ne5 Ne7 14. Ndf3 Be8 15. Rfe1 Rac8 16. Nd4 a6 17. Rad1 Ng6 18. h4 Nxe5 19. fxe5 Nd7 20. Kh2 Nf8 21. f4 Bd7 22. h5 h6 23. g4 Qe7 24. Qf2 f5 25. gxf5 exf5 26. Bxf5 Qf7 27. Bg6 Nxg6 28. hxg6 Qxg6 29. e6 Qh5+ 30. Kg2 Qg4+ 31. Qg3 Qxg3+ 32. Kxg3 Bc6 33. f5 Rc7 34. Kf4 Re8 35. Rg1 Kh7 36. Ke5 Rd8 37. Rdf1 Rf8 38. f6 gxf6+ 39. Rxf6 Rg8 40. Rf7+ Rxf7 41. exf7 Rf8 42. Kf6 Be8 43. Rg7+ Kh8 44. Ne6 Rxf7+ 45. Rxf7 Bxf7 46. Kxf7 Kh7 47. Nf4 a5 48. Nxd5 h5 49. Nf4 h4 50. b4 axb4 51. cxb4 Kh6 52. Kf6 b5 53. Kf5 1-0

[Event "Ustron op-B"]
[Site "Ustron"]
[Date "2022.08.18"]
[Round "7"]
[White "Starosta, Martyna"]
[Black "Madera, Mateusz"]
[Result "1-0"]
[WhiteElo "1895"]
[BlackElo "1940"]
[PlyCount "85"]
[EventDate "2022.08.12"]
[EventType "swiss"]
[EventRounds "9"]
[EventCountry "POL"]
[SourceTitle "CBM 209 Extra"]
[Source "ChessBase"]
[SourceDate "2022.09.30"]
[SourceVersion "1"]
[SourceVersionDate "2022.09.30"]
[SourceQuality "1"]

1. e4 c5 2. Nf3 e6 3. d4 cxd4 4. Nxd4 Nc6 5. Nc3 Qc7 6. Be2 a6 7. 0-0 Nf6 8. Be3 Bb4 9. Nxc6 bxc6 10. Qd4 Be7 11. Na4 0-0 12. c4 e5 13. Qd3 d6 14. Rad1 c5 15. f4 Bb7 16. Nc3 exf4 17. Rxf4 Nd7 18. Nd5 Bxd5 19. Qxd5 Ne5 20. Rf5 g6 21. Rf2 Rab8 22. Bh6 Rfe8 23. Rdf1 Bf8 24. Bf4 Re7 25. Bd1 Bg7 26. Ba4 h6 27. Bg3 Re6 28. Rxf7 Nxf7 29. Qxe6 Rxb2 30. Be8 Bd4+ 31. Kh1 Rb7 32. Bxf7+ Qxf7 33. Rxf7 Rxf7 34. Qxg6+ Bg7 35. h3 Rf6 36. Qg4 Kh7 37. Kh2 Rf1 38. Bxd6 Bd4 39. Qd7+ Kg6 40. Qe8+ Kh7 41. Be5 Bg1+ 42. Kg3 Bf2+ 43. Kg4 1-0

[Event "Wroclaw op-A"]
[Site "Wroclaw"]
[Date "2022.08.05"]
[Round "7"]
[White "Madera, Mateusz"]
[Black "Czarniecka, Aleksandra"]
[Result "0-1"]
[WhiteElo "1940"]
[BlackElo "1923"]
[PlyCount "110"]
[EventDate "2022.07.31"]
[EventType "swiss"]
[EventRounds "9"]
[EventCountry "POL"]
[SourceTitle "CBM 209 Extra"]
[Source "ChessBase"]
[SourceDate "2022.09.30"]
[SourceVersion "1"]
[SourceVersionDate "2022.09.30"]
[SourceQuality "1"]

1. e4 c5 2. Nf3 d6 3. d4 cxd4 4. Nxd4 Nf6 5. Nc3 e6 6. Be3 Be7 7. f3 Nc6 8. Qd2 0-0 9. 0-0-0 d5 10. exd5 Nxd5 11. Nxd5 Qxd5 12. Nb3 Nb4 13. a3 Qxd2+ 14. Bxd2 Nd5 15. Bd3 b6 16. Be4 Bb7 17. Kb1 Rac8 18. Rc1 f5 19. Bd3 Bd6 20. g3 Nf6 21. Rhf1 Rfd8 22. Rce1 Kf7 23. Bc3 Bd5 24. Bxf6 Kxf6 25. Nd4 Bc5 26. Ne2 e5 27. Nc3 Bb7 28. Na4 Bf8 29. b4 g6 30. Rd1 Rd4 31. c3 Rd6 32. Bc2 Rxd1+ 33. Bxd1 b5 34. Nc5 Bxc5 35. bxc5 Rxc5 36. Kc2 e4 37. fxe4 Bxe4+ 38. Kb3 Bd5+ 39. Kb2 Bc4 40. Rf2 Re5 41. Rd2 Rd5 42. Rxd5 Bxd5 43. a4 bxa4 44. Bxa4 g5 45. Kc2 Bc4 46. Kd2 f4 47. Bc2 h6 48. gxf4 gxf4 49. Ke1 Ke5 50. Kf2 a5 51. Kf3 Bd5+ 52. Kg4 Bc6 53. Bd3 a4 54. c4 a3 55. Bb1 f3 0-1

[Event "Wroclaw op-A"]
[Site "Wroclaw"]
[Date "2022.08.04"]
[Round "6"]
[White "Demski, Michal"]
[Black "Madera, Mateusz"]
[Result "1/2-1/2"]
[WhiteElo "1737"]
[BlackElo "1940"]
[PlyCount "39"]
[EventDate "2022.07.31"]
[EventType "swiss"]
[EventRounds "9"]
[EventCountry "POL"]
[SourceTitle "CBM 209 Extra"]
[Source "ChessBase"]
[SourceDate "2022.09.30"]
[SourceVersion "1"]
[SourceVersionDate "2022.09.30"]
[SourceQuality "1"]

1. e4 c5 2. Nf3 Nc6 3. d3 g6 4. g3 Bg7 5. Bg2 e6 6. 0-0 Nge7 7. Nbd2 0-0 8. c3 d5 9. Qc2 b6 10. Rd1 Bb7 11. h4 d4 12. Nf1 Qd7 13. c4 e5 14. h5 h6 15. Qe2 g5 16. N1h2 Bc8 17. Bd2 Qd6 18. Be1 Bd7 19. a3 a5 20. Rdb1 1/2-1/2

[Event "Wroclaw op-A"]
[Site "Wroclaw"]
[Date "2022.07.31"]
[Round "1"]
[White "Madera, Mateusz"]
[Black "Djuric, Stefan"]
[Result "0-1"]
[WhiteElo "1940"]
[BlackElo "2277"]
[PlyCount "84"]
[EventDate "2022.07.31"]
[EventType "swiss"]
[EventRounds "9"]
[EventCountry "POL"]
[SourceTitle "CBM 209 Extra"]
[Source "ChessBase"]
[SourceDate "2022.09.30"]
[SourceVersion "1"]
[SourceVersionDate "2022.09.30"]
[SourceQuality "1"]

1. e4 d6 2. d4 Nf6 3. Nc3 g6 4. f3 c6 5. a4 Bg7 6. Be3 0-0 7. Bd3 Nbd7 8. Nge2 e5 9. Qd2 exd4 10. Nxd4 Ne5 11. Be2 d5 12. exd5 Nxd5 13. Nxd5 Qxd5 14. 0-0 Re8 15. Rad1 a6 16. a5 c5 17. Nb3 Qxd2 18. Rxd2 c4 19. Nc5 Nc6 20. Bf4 Bd4+ 21. Rxd4 Nxd4 22. Bxc4 Ne2+ 23. Bxe2 Rxe2 24. Rd1 Bf5 25. Nxb7 Bxc2 26. Rd6 Rc8 27. b4 Ba4 28. Nc5 Bb5 29. Bh6 Rb2 30. Rd4 f5 31. h4 Re8 32. Kh2 Ree2 33. Rd8+ Kf7 34. Rf8+ Ke7 35. Rg8 Rxg2+ 36. Kh3 Rh2+ 37. Kg3 Rbg2+ 38. Kf4 Rxh4+ 39. Ke5 Re2+ 40. Kd5 Rxh6 41. Rg7+ Kf6 42. Ra7 Rd2+ 0-1

[Event "Wroclaw Anderssen Memorial op"]
[Site "Wroclaw"]
[Date "2022.07.30"]
[Round "9"]
[White "Madera, Mateusz"]
[Black "Wojcik, Grzegorz"]
[Result "1-0"]
[WhiteElo "1940"]
[BlackElo "1509"]
[PlyCount "66"]
[EventDate "2022.07.30"]
[EventType "swiss (rapid)"]
[EventRounds "9"]
[EventCountry "POL"]
[SourceTitle "CBM 209 Extra"]
[Source "ChessBase"]
[SourceDate "2022.09.30"]
[SourceVersion "1"]
[SourceVersionDate "2022.09.30"]
[SourceQuality "1"]

1. e4 e6 2. d4 d5 3. Nc3 Nf6 4. Bg5 Be7 5. e5 Nfd7 6. Bxe7 Qxe7 7. f4 a6 8. Nf3 0-0 9. Qd2 c5 10. dxc5 Nxc5 11. 0-0-0 Nc6 12. Kb1 b5 13. Bd3 Nxd3 14. cxd3 Bb7 15. Ne2 Rfc8 16. Rc1 a5 17. Ned4 Nxd4 18. Nxd4 b4 19. Nb5 Rxc1+ 20. Rxc1 Rc8 21. d4 h6 22. Re1 Ba6 23. Nd6 Rc6 24. Re3 Qc7 25. Rg3 g6 26. f5 Kh7 27. Rh3 h5 28. g4 Be2 29. Ne8 Qc8 30. Nf6+ Kg7 31. gxh5 gxh5 32. Nxh5+ Kf8 33. Nf4 Kg7 1-0

[Event "Wroclaw Anderssen Memorial op"]
[Site "Wroclaw"]
[Date "2022.07.30"]
[Round "8"]
[White "Zenker, Bernard"]
[Black "Madera, Mateusz"]
[Result "1/2-1/2"]
[WhiteElo "1432"]
[BlackElo "1940"]
[PlyCount "97"]
[EventDate "2022.07.30"]
[EventType "swiss (rapid)"]
[EventRounds "9"]
[EventCountry "POL"]
[SourceTitle "CBM 209 Extra"]
[Source "ChessBase"]
[SourceDate "2022.09.30"]
[SourceVersion "1"]
[SourceVersionDate "2022.09.30"]
[SourceQuality "1"]

1. d4 Nf6 2. c4 e6 3. Nc3 Bb4 4. Qc2 b6 5. a3 Bxc3+ 6. Qxc3 Bb7 7. Bg5 d6 8. Nf3 Nbd7 9. e3 c5 10. Bd3 Qc7 11. Qc2 cxd4 12. exd4 d5 13. cxd5 Qxc2 14. Bxc2 Bxd5 15. 0-0 0-0 16. Ne5 h6 17. Nxd7 Nxd7 18. Bh4 Rac8 19. Ba4 Bc6 20. Bb3 g5 21. Bg3 Nf6 22. f3 Rfd8 23. Be5 Nd5 24. Bxd5 Bxd5 25. Rfc1 Kh7 26. Rc3 Rxc3 27. bxc3 Rc8 28. Rc1 Kg6 29. Kf1 h5 30. Bg3 Rc4 31. Ke1 Ra4 32. Bd6 Rc4 33. Ke2 g4 34. fxg4 hxg4 35. g3 Rc8 36. Ke3 Rh8 37. Rc2 b5 38. Be5 Rc8 39. Bd6 a6 40. Be5 f6 41. Bf4 Kf5 42. Rc1 e5 43. dxe5 fxe5 44. Bh6 Rh8 45. Bg7 Rxh2 46. Rf1+ Ke6 47. Rf6+ Ke7 48. Rxa6 e4 49. Be5 1/2-1/2

[Event "POL-chT 2nd League"]
[Site "Poronin"]
[Date "2020.09.07"]
[Round "3.17"]
[White "Rainer, Piotr"]
[Black "Madera, Mateusz"]
[Result "1-0"]
[WhiteElo "1641"]
[BlackElo "1945"]
[PlyCount "57"]
[EventDate "2020.09.05"]
[EventType "team-swiss"]
[EventRounds "9"]
[EventCountry "POL"]
[SourceTitle "CBM 198 Extra"]
[Source "ChessBase"]
[SourceDate "2020.11.30"]
[SourceVersion "1"]
[SourceVersionDate "2020.11.30"]
[SourceQuality "1"]
[WhiteTeam "Staniatki Goniec"]
[BlackTeam "Legnica Miedz"]
[WhiteTeamCountry "POL"]
[BlackTeamCountry "POL"]

1. e4 c5 2. Nf3 e6 3. d4 cxd4 4. Nxd4 Nc6 5. Nc3 Qc7 6. Be3 a6 7. Bd3 Nf6 8. 0-0 b5 9. a4 b4 10. Nce2 Ng4 11. Bf4 Bd6 12. Bg3 Nxd4 13. Nxd4 Nxh2 14. Kxh2 h5 15. Kg1 Bxg3 16. fxg3 Qc5 17. c3 e5 18. Bc4 Qxc4 19. Nf5 Qc5+ 20. Rf2 0-0 21. Qxh5 d5 22. cxb4 Qxb4 23. Nxg7 Qxe4 24. Nf5 Bxf5 25. Rxf5 Rae8 26. Rg5+ Qg6 27. Rxg6+ fxg6 28. Qxg6+ Kh8 29. Rc1 1-0

[Event "POL-chT 2nd League"]
[Site "Jastrzebia Gora"]
[Date "2018.09.08"]
[Round "8.9"]
[White "Gralka, Przemyslaw"]
[Black "Madera, Mateusz"]
[Result "1/2-1/2"]
[WhiteElo "2208"]
[BlackElo "1937"]
[PlyCount "137"]
[EventDate "2018.09.01"]
[EventType "team-swiss"]
[EventRounds "9"]
[EventCountry "POL"]
[SourceTitle "CBM 186 Extra"]
[Source "ChessBase"]
[SourceDate "2018.08.24"]
[SourceVersion "1"]
[SourceVersionDate "2018.08.24"]
[SourceQuality "1"]
[WhiteTeam "Bydgoszcz"]
[BlackTeam "Legnica Miedz"]
[WhiteTeamCountry "POL"]
[BlackTeamCountry "POL"]

1. d4 Nf6 2. Nf3 d5 3. c3 Bf5 4. Qb3 Qc8 5. Bf4 e6 6. Nbd2 Nbd7 7. Nh4 Bg6 8. Nxg6 hxg6 9. h3 Be7 10. e3 c5 11. Be2 0-0 12. h4 cxd4 13. exd4 Nh5 14. Bh2 a6 15. g4 Nhf6 16. Bf4 Ne8 17. g5 Nd6 18. h5 gxh5 19. Rxh5 g6 20. Rh2 Kg7 21. 0-0-0 Qc6 22. Nf3 Nc4 23. Rdh1 Rh8 24. Nh4 Bd6 25. Bxd6 Nxd6 26. Bd3 e5 27. dxe5 Nxe5 28. Qc2 d4 29. Kb1 dxc3 30. Rd1 Nxd3 31. Rxd3 Ne4 32. f3 Nxg5 33. Rxc3 Qe6 34. Qf2 Rac8 35. Rxc8 Rxc8 36. Rh1 Qc4 37. Qd2 Qc5 38. Re1 Nxf3 39. Nxf3 Qf5+ 40. Ka1 Qxf3 41. Qd4+ Qf6 42. Qd7 Qe5 43. Rf1 Qf4 44. Qd1 Qc4 45. a3 b5 46. Qf3 Qe6 47. Qf2 Rc4 48. Qh2 Qe3 49. Ka2 b4 50. Rh1 b3+ 51. Kb1 Kf8 52. Qd6+ Kg7 53. Qh2 Kf8 54. Qh8+ Ke7 55. Rd1 Re4 56. Qd8+ Ke6 57. Qd6+ Kf5 58. Qxa6 Kg4 59. a4 Rd4 60. Rxd4+ Qxd4 61. Qe2+ Kg3 62. Qe1+ Kg2 63. Qe2+ Kg3 64. Qe1+ Kf4 65. a5 Qa7 66. Qb4+ Ke5 67. Qb5+ Kf4 68. Qf1+ Ke5 69. a6 1/2-1/2

[Event "POL-chT 2nd League"]
[Site "Jastrzebia Gora"]
[Date "2018.09.05"]
[Round "5.76"]
[White "Madera, Mateusz"]
[Black "Walentukiewicz, Michal"]
[Result "1-0"]
[WhiteElo "1937"]
[BlackElo "2064"]
[PlyCount "89"]
[EventDate "2018.09.01"]
[EventType "team-swiss"]
[EventRounds "9"]
[EventCountry "POL"]
[SourceTitle "CBM 186 Extra"]
[Source "ChessBase"]
[SourceDate "2018.08.24"]
[SourceVersion "1"]
[SourceVersionDate "2018.08.24"]
[SourceQuality "1"]
[WhiteTeam "Legnica Miedz II"]
[BlackTeam "Sedziszow Malopolski"]
[WhiteTeamCountry "POL"]
[BlackTeamCountry "POL"]

1. b4 a5 2. b5 b6 3. Bb2 Nf6 4. e3 Bb7 5. Nf3 e6 6. Be2 Be7 7. 0-0 0-0 8. c4 d6 9. d4 Nbd7 10. a4 Ne4 11. Nbd2 f5 12. Rc1 Ndf6 13. Nb3 g5 14. Ne1 g4 15. Nd3 Qd7 16. c5 dxc5 17. dxc5 Bd5 18. c6 Qe8 19. Nf4 Rd8 20. Nxd5 Nxd5 21. Qc2 Bf6 22. Ba3 Rf7 23. Bc4 Rg7 24. Rcd1 Rg5 25. Bxd5 Rxd5 26. Rxd5 exd5 27. Qd3 Qe5 28. Rd1 f4 29. exf4 Qxf4 30. Qe3 Qxe3 31. fxe3 Rf5 32. Nd4 Bxd4 33. Rxd4 h5 34. Rd1 h4 35. Bb2 h3 36. Rf1 Rxf1+ 37. Kxf1 Nd2+ 38. Kf2 Nc4 39. Bd4 Nd6 40. gxh3 gxh3 41. Kg3 Kf7 42. Kxh3 Ke6 43. Kg4 Nf5 44. h4 Ne7 45. h5 1-0

[Event "Kolobrzeg op 10th"]
[Site "Kolobrzeg"]
[Date "2009.08.25"]
[Round "9"]
[White "Madera, Mateusz"]
[Black "Cyra, Dariusz"]
[Result "0-1"]
[WhiteElo "2021"]
[BlackElo "1887"]
[PlyCount "66"]
[EventDate "2009.08.17"]
[EventType "swiss"]
[EventRounds "9"]
[EventCountry "POL"]
[SourceTitle "CBM 131 Extra"]
[Source "ChessBase"]
[SourceDate "2009.09.03"]
[SourceVersion "2"]
[SourceVersionDate "2009.09.16"]
[SourceQuality "1"]

1. e4 d6 2. d4 Nf6 3. Nc3 g6 4. Be2 Bg7 5. h4 c5 6. Nf3 Qa5 7. 0-0 0-0 8. Bg5 h6 9. Be3 Ng4 10. Qd2 Nxe3 11. Qxe3 Nc6 12. d5 Nd4 13. Bd1 Bd7 14. Rb1 Rac8 15. a3 b5 16. Ne2 Nxf3+ 17. Qxf3 f5 18. Ng3 f4 19. Ne2 Be5 20. c3 h5 21. Qd3 Bg4 22. f3 Bd7 23. Kf2 b4 24. Ra1 bxc3 25. Nxc3 Bd4+ 26. Ke1 Rb8 27. b4 cxb4 28. Qxd4 bxc3 29. Bc2 Rb2 30. Kd1 Rfb8 31. e5 Qb5 32. Rf2 Rxc2 33. Rxc2 Qf1# 0-1

[Event "Kolobrzeg op 10th"]
[Site "Kolobrzeg"]
[Date "2009.08.23"]
[Round "7"]
[White "Madera, Mateusz"]
[Black "Karski, Lukasz"]
[Result "1/2-1/2"]
[WhiteElo "2021"]
[BlackElo "1960"]
[PlyCount "49"]
[EventDate "2009.08.17"]
[EventType "swiss"]
[EventRounds "9"]
[EventCountry "POL"]
[SourceTitle "CBM 131 Extra"]
[Source "ChessBase"]
[SourceDate "2009.09.03"]
[SourceVersion "2"]
[SourceVersionDate "2009.09.16"]
[SourceQuality "1"]

1. e4 e6 2. d4 d5 3. Nc3 Nf6 4. Bg5 Be7 5. e5 Nfd7 6. Bxe7 Qxe7 7. f4 a6 8. Nf3 c5 9. Qd2 Nc6 10. dxc5 Nxc5 11. 0-0-0 b5 12. Bd3 b4 13. Ne2 0-0 14. Kb1 a5 15. h4 f6 16. exf6 Qxf6 17. Ng5 Nxd3 18. cxd3 e5 19. Rc1 Bg4 20. g3 h6 21. Nh3 Bxe2 22. Qxe2 Rfe8 23. Qc2 Rac8 24. Qc5 Qe6 25. Qf2 1/2-1/2

[Event "Kolobrzeg op 10th"]
[Site "Kolobrzeg"]
[Date "2009.08.18"]
[Round "2"]
[White "Pacuszka, Tomasz"]
[Black "Madera, Mateusz"]
[Result "1-0"]
[WhiteElo "2284"]
[BlackElo "2021"]
[PlyCount "113"]
[EventDate "2009.08.17"]
[EventType "swiss"]
[EventRounds "9"]
[EventCountry "POL"]
[SourceTitle "CBM 131 Extra"]
[Source "ChessBase"]
[SourceDate "2009.09.03"]
[SourceVersion "2"]
[SourceVersionDate "2009.09.16"]
[SourceQuality "1"]

1. Nf3 Nf6 2. g3 g6 3. Bg2 Bg7 4. 0-0 0-0 5. c4 c5 6. Nc3 Nc6 7. d4 cxd4 8. Nxd4 Nxd4 9. Qxd4 d6 10. Qh4 Rb8 11. Bg5 Re8 12. Rac1 Qa5 13. Rfd1 Bd7 14. a3 Bc6 15. e4 a6 16. h3 Rbc8 17. c5 dxc5 18. e5 Bxg2 19. Kxg2 h6 20. Bxh6 Nh7 21. Bxg7 Kxg7 22. Nd5 Qb5 23. Nxe7 Rc7 24. Nd5 Qc6 25. Kg1 Rd7 26. Ne3 Rxd1+ 27. Rxd1 Rxe5 28. Qf4 Qf6 29. Rd7 Qxf4 30. gxf4 Re4 31. Rxb7 Rxf4 32. Rc7 Ng5 33. Kg2 Ne4 34. Ng4 Rf5 35. Re7 Nd6 36. Ne3 Rg5+ 37. Kh2 Kf6 38. Ra7 Ke5 39. Rxa6 f5 40. Ng2 Rh5 41. f4+ Kd5 42. Ne3+ Ke4 43. Nf1 Kd5 44. Ne3+ Ke4 45. Rxd6 Kxe3 46. Kg3 g5 47. Re6+ Kd3 48. fxg5 Rxg5+ 49. Kf4 Rh5 50. Re3+ Kc4 51. Rc3+ Kb5 52. Ke5 Kb6 53. Kd5 Rh8 54. Rb3+ Kc7 55. Kxc5 Kd7 56. Kd5 Rg8 57. Ke5 1-0

[Event "Wroclaw Cup Final"]
[Site "Wroclaw"]
[Date "2009.08.09"]
[Round "4.5"]
[White "Dubinski, Mateusz"]
[Black "Madera, Mateusz"]
[Result "0-1"]
[WhiteElo "2149"]
[BlackElo "2021"]
[PlyCount "114"]
[EventDate "2009.08.07"]
[EventType "swiss"]
[EventRounds "9"]
[EventCountry "POL"]
[SourceTitle "EXT 2023"]
[Source "ChessBase"]
[SourceDate "2022.10.05"]
[SourceVersion "1"]
[SourceVersionDate "2022.10.05"]
[SourceQuality "1"]

1. Nf3 Nf6 2. g3 g6 3. b3 Bg7 4. Bb2 c5 5. Bg2 0-0 6. 0-0 Nc6 7. c4 d6 8. d3 Bg4 9. h3 Bd7 10. a3 Rb8 11. Qc2 b5 12. cxb5 Rxb5 13. Nbd2 Rb8 14. d4 cxd4 15. Nxd4 Nxd4 16. Bxd4 Qa5 17. g4 Rfc8 18. Qb2 Ne8 19. b4 Qb5 20. Bxg7 Nxg7 21. Nb3 h5 22. Nd4 Qe5 23. Qd2 hxg4 24. hxg4 Ne6 25. Nxe6 Qxe6 26. Bf3 Bc6 27. Rac1 Bxf3 28. exf3 Qb3 29. Qe3 Qxe3 30. fxe3 Kf8 31. Kf2 Ke8 32. Ke2 Kd7 33. Kd3 Ke6 34. Rxc8 Rxc8 35. a4 a6 36. Rb1 Rb8 37. Kc4 Rc8+ 38. Kd4 d5 39. Kd3 Kd6 40. f4 Rc4 41. b5 axb5 42. axb5 Kc7 43. Rh1 Kd7 44. Rh7 Ke6 45. Rh8 Rb4 46. Rb8 g5 47. Rb6+ Kd7 48. Rb7+ Kd6 49. Rb6+ Kc7 50. Rc6+ Kb7 51. Rc5 e6 52. fxg5 Rxg4 53. Rc1 Rxg5 54. Rf1 Rg7 55. Kd4 Kb6 56. Ke5 Kxb5 57. Kf6 Rg3 0-1